| 000 | 00546nam a22001817a 4500 | ||
|---|---|---|---|
| 999 |
_c12178 _d12178 |
||
| 008 | 220627b ||||| |||| 00| 0 eng d | ||
| 020 | _a9780115510243 | ||
| 082 |
_a623.824 _bHMS |
||
| 100 | _aHMSO | ||
| 245 | _aAssessment of the suitability of stand-by vessels attending offshore installations : instructions for the guidance of surveyors | ||
| 250 | _aRiv. 1991 | ||
| 260 |
_aLondon _bHMSO _c1991 |
||
| 300 | _avii, 43p. | ||
| 650 | _aMerchant ships | ||
| 650 | _aOffshore support vessels | ||
| 650 | _aOffshore structures | ||
| 942 | _cBK | ||